| 000 | 00401cam a2200169ua 4500 | ||
|---|---|---|---|
| 041 |
_aeng _h |
||
| 082 |
_a621.001 _bZIE/FI |
||
| 100 | _aZienkiewicz, O.C . | ||
| 245 | _aFinite element method | ||
| 250 |
_a3 / _b. |
||
| 260 |
_aNew Delhi : _bTata Mc-Graw Hill Publishing Company , _c1979. |
||
| 300 |
_a787 ; _e`. |
||
| 504 | _a | ||
| 942 | _cBK | ||
| 999 |
_c13079 _d13079 |
||